| 000 | 00579nam a2200193 i 4500 | ||
|---|---|---|---|
| 001 | 130030 | ||
| 003 | ES-MaACL | ||
| 005 | 20230906193628.0 | ||
| 007 | t| | ||
| 008 | 070716s1958 sp ||||1| spa d | ||
| 100 | 1 |
_aZunzunegui, Juan Antonio de. _9118511 |
|
| 245 | 1 | 0 |
_aMis páginas preferidas / _cJuan Antonio Zunzunegui. |
| 260 |
_a[Madrid] : _bGredos, _c[1958] ( _fJura) |
||
| 300 |
_a354 p. ; _c19 cm. |
||
| 490 | 1 | _aBiblioteca románica hispánica | |
| 830 | 0 |
_aBiblioteca románica hispánica _9180746 |
|
| 852 |
_aES-MaACL _jC-15779 _bR.43864 |
||
| 999 |
_c130030 _d130030 |
||